10 häufigste Adjektive (Gesamt) - Statistiken

Allgemein
  • Dieses Quiz wurde 13 mal gespielt
  • Das Durchschnittsergebnis liegt bei 3 aus 10
Antwortstatistiken
Rang Wort % Korrekt
8. gut
73%
2. gross
64%
9. klein
64%
1. neu
55%
4. viel
55%
6. weit
27%
5. ander...
0%
7. deutsch
0%
10. eigen
0%
3. erst…
0%
Keine übereinstimmenden Quizze gefunden
Verteilung der Resultate
Anzahl Personen mit jedem Resultat
Perzentil nach korrekt beantworteten Fragen
Ihre Resultats-Entwicklung
Sie haben dieses Quiz noch nicht gespielt